000 01088nam a22003257a 4500
003 CHAP
005 20220329133734.0
008 971013s1971 r 00010 d
010 _a10149
011 _a11121
035 _a10359
040 _cCHAP
090 _aFolleto 4061
100 0 0 _aBacklund, Botvid.
_99308
245 _aSystem for data logging at short intervals and processing data about plant growth and climate
260 _aStockholm :
_bRoyal College of Forestry,
_c1971
300 _a47 p.
_b: ilus. gráfs
590 _aBATCH-UPD
_b10
_c20130110
_lUCH01
_h0105
590 _aBATCH-UPD
_b10
_c20130110
_lUCH01
_h1632
590 _aBATCH-UPD
_b10
_c20130409
_lUCH01
_h2055
590 _aBATCH-UPD
_b10
_c20130914
_lUCH01
_h0515
590 _aCONVERSION
_b10
_c20130109
_lUCH01
_h1306
650 1 4 _aInvernaderos.
_960172
650 1 4 _aPlantas
_xCrecimiento
_xAditivos.
_988804
650 1 4 _aProcesamiento automático de datos en bosques.
_991760
700 0 _aPertlu, Kurth.
_987337
901 _aBK
942 _cFOLL
949 _aFolleto 4061
_bBC
_cFOLL
_d-21856
_eTS1
_i10359
_si
999 _c10149
_d10149